00288nam a2200133Ia 4500003000400000005001700004008004100021020001500062040000900077100002400086245001700110260001800127260000900145OSt20240131111256.0170524s9999 xx 000 0 und d a8184570007 cIIMT aRai- Harish Chandra 0aHill Tourism bKanishka Pub. c1998